| 000 | 01035nam0a2200241 4500 | ||
|---|---|---|---|
| 001 | RU\NLR\BIBL_A\011817002 | ||
| 005 | 20260503061814.0 | ||
| 035 | _a(NLR Aleph) 011817002 | ||
| 090 |
_a11944389 _c11944389 |
||
| 100 | _a20181010d2016 |||y0rusy50 ca | ||
| 101 | 0 | _arus | |
| 102 | _aRU | ||
| 105 | _aa z 000zb | ||
| 200 | 1 |
_aАрно Сергей Игоревич. Писатель, публицист, общественный деятель, путешественник, дайвер _e[мнения коллег] |
|
| 210 |
_a[Санкт-Петербург _cб. и.] _d2016 |
||
| 215 |
_a23 с. _cцв. ил., цв. портр. _d15 |
||
| 600 | 1 |
_aАрно _bС. И. _f1958 _gСергей Игоревич _jВоспоминания, записки и т.п _92386688 _3RU\NLR\AUTH\6601644268 |
|
| 686 | 1 | _aШ5(2=Р)8-4Арно | |
| 702 | 1 |
_4570 _aАрно _bС. И. _f1958- _gСергей Игоревич _3RU\NLR\AUTH\770134540 _9134506 |
|
| 942 | _cBOOK | ||
| 980 | _aNB | ||